00349nam a2200145Ia 45000010005000000080041000050200018000460400013000640820017000771000023000942450059001172600009001763000011001855460007001969584140327s9999 xx 000 0 und d a0-673-52302-0 cPK-LaUMT aR 330bWAT-S aWatson, John Keith aStudy guide to accompany EconomicscWatson, John Keith c1994 a445 p. aEN